Piłka nożna Ekstraklasa klub po piłkarzach - Statystyki

Ogólne statystyki
  • Ten quiz został rozwiązany 145 razy
  • Średni wynik to 16 z 18
Statystyki odpowiedzi
zawodnicy klub % Poprawnych
Mikael Ishak i Bartosz Mrozek Lech Poznań
98%
Paweł Wszołek i Artur Jędrzejczyk Legia Warszawa
98%
Kamil Grosicki i Leo Borges Pogoń Szczecin
98%
Lukas Podolski i Kryspin Szcześniak Górnik Zabrze
97%
Jesus Imaz i Afimico Pululu Jagiellonia Białystok
97%
Fran Tudor i Zoran Arsenić Raków Częstochowa
95%
Bartosz Nowak i Adrian Błąd GKS Katowice
91%
Tomas Bobcek i Rifet Kapić Lechia Gdańsk
90%
Jan Grzesik i Capita Radomiak Radom
88%
Juljan Shehu i Bartłomiej Pawłowski Widzew Łódź
88%
Otar Kakabadze i Ajdin Hasić Cracovia
87%
Jakub Czerwiński i Frantisek Plach Piast Gliwice
86%
Bartosz Wolski i Bright Ede Motor Lublin
85%
Łukasz Sekulski i Dani Pacheco Wisła Płock
84%
Mateusz Wdowiak i Michał Nalepa Zagłębie Lubin
84%
Damian Węglarz i Kamil Jakubczyk Arka Gdynia
80%
Kamil Zapolnik i Artem Putivtsev Bruk-Bet Termalica Nieciecza
80%
Dawid Błanik i Martin Remacle Korona Kielce
80%
Nie znaleziono quizów pasujących do podanych kryteriów
Rozkład punktacji
Procent ludzi z każdym wynikiem
Percentyl według liczby udzielonych odpowiedzi
Twoja historia wyników
Nie rozwiązałeś tego quizu